000 00371 a2200157 4500
001 71511
020 _a
040 _cAnchieta - Colégio São Paulo
100 _aBrasileiro, Jonar
240 1 0 _aO presente de Zé Doidinho
_lpor
245 1 0 _aO presente de Zé Doidinho
300 _a28[16p.]
362 0 _a2001
650 4 _aLiteratura infanto-juvenil
942 _cBK
999 _c71511
_d71511